[Event "BKL-Turnier"]
[Site "Leipzig"]
[Date "1986.??.??"]
[Round "7"]
[White "Chekhov, Valery A"]
[Black "Vogt, Lothar"]
[Result "1/2-1/2"]
[WhiteElo "2495"]
[BlackElo "2460"]

1.d4 Nf6 2.c4 g6 3.Nc3 Bg7 4.e4 d6 5.Be2 O-O 6.Nf3 e5 7.O-O Nbd7 8.Be3 a5
9.dxe5 dxe5 10.h3 c6 11.Qc2 Qe7 12.Na4 Nh5 13.Rfd1 Nf4 14.Bf1 c5 15.Ne1 Ne6
16.Nd3  1/2-1/2

[Event "DSV-Turnier"]
[Site "Leipzig"]
[Date "1986.??.??"]
[Round "7"]
[White "Lukacs, Peter"]
[Black "Vogt, Lothar"]
[Result "1-0"]
[WhiteElo "2435"]
[BlackElo "2505"]

1.d4 Nf6 2.c4 g6 3.Nc3 Bg7 4.e4 d6 5.Nf3 O-O 6.Be2 e5 7.O-O Nbd7 8.Qc2 exd4
9.Nxd4 Re8 10.Be3 Nb6 11.Rad1 Qe7 12.Ndb5 Be6 13.b3 Rec8 14.h3 Bd7 15.Bf3 Bc6
16.Rfe1 Re8 17.Bd4 Qd7 18.Qb2 Re7 19.a4 Ne8 20.c5 Nc8 21.Bg4 f5 22.exf5 gxf5
23.Be2 a6 24.Bxg7 Rxg7 25.Bc4+ Kh8 26.Nd4 Rxg2+ 27.Kf1 Qg7 28.Nxc6 Rg1+ 29.Ke2 Rxe1+
30.Rxe1 bxc6 31.Kf1 Nf6 32.Qe2 d5 33.Nxd5 cxd5 34.Bxd5 Rb8 35.Qe8+ Ng8 36.Bxg8 Qxg8
37.Qe5+ Qg7 38.Qe8+ Qg8 39.Qd7 Na7 40.Re7 Rd8 41.Qxc7 Rd1+ 42.Ke2 Rd5 43.Qb6 Qf8
44.Qxa7 f4 45.Qc7 f3+ 46.Ke3 Rf5 47.Qd6 Rf6 48.Qe5 Qh6+ 49.Kd3 Qg6+ 50.Kc3 Kg8
51.Qd5+  1-0

[Event "BKL-Turnier"]
[Site "Leipzig"]
[Date "1986.??.??"]
[Round "9"]
[White "Lukacs, Peter"]
[Black "Vogt, Lothar"]
[Result "1/2-1/2"]
[WhiteElo "2460"]
[BlackElo "2460"]

1.d4 Nf6 2.c4 g6 3.Nc3 Bg7 4.e4 d6 5.Nf3 O-O 6.Be2 e5 7.d5 a5 8.Bg5 Na6 9.Nd2 h6
10.Bh4 Qe8 11.O-O Bd7 12.b3 Nh7 13.a3 h5 14.f3 Bh6 15.Kh1 f5 16.exf5 Bxf5
17.Nde4 Be3 18.Bd3 Nc5 19.Rb1 Nxd3 20.Qxd3 Bg5 21.Bxg5  1/2-1/2

[Event "DSV-Turnier"]
[Site "Leipzig"]
[Date "1986.??.??"]
[Round "11"]
[White "Uhlmann, Wolfgang"]
[Black "Knaak, Rainer"]
[Result "0-1"]
[WhiteElo "2510"]
[BlackElo "2505"]

1.c4 g6 2.d4 Bg7 3.e4 d6 4.Nc3 Nd7 5.Nf3 e5 6.Be2 Ngf6 7.O-O O-O 8.Qc2 c6
9.Be3 Ng4 10.Bg5 f6 11.Bd2 f5 12.dxe5 Ndxe5 13.Nxe5 Bxe5 14.Bxg4 fxg4 15.Ne2 Be6
16.Rad1 Qh4 17.g3 Qe7 18.Bf4 Rad8 19.b3 Bf7 20.Bxe5 Qxe5 21.Nd4 Rfe8 22.Qd2 a6
23.Rfe1 c5 24.Nc2 b5 25.Na3 b4 26.Nc2 Kg7 27.Ne3 Qxe4 28.Nd5 Qf3 29.Qb2+ Kh6
30.Qd2+ g5 31.Rxe8 Rxe8 32.Ne3 Bg6 33.Qxd6 Kh5 34.h3 gxh3 35.Qd7 h2+ 36.Kxh2 Qxf2+
37.Ng2 Qf5 38.Qxf5 Bxf5 39.Rd5 Bb1 40.Rxc5 Kg4 41.Kg1 Re2 42.Kf1 Rxa2 43.Re5 Bd3+
44.Kg1 Rb2 45.Re3 Rxb3 46.Ne1 Rb1 47.Rxd3 Rxe1+ 48.Kf2 Re4  0-1

[Event "Lugano op"]
[Site "Lugano"]
[Date "1986.??.??"]
[Round "?"]
[White "Huss, Andreas"]
[Black "Martorelli, Antonio"]
[Result "1-0"]
[WhiteElo "2340"]
[BlackElo "2305"]

1.d4 Nf6 2.Nf3 g6 3.c4 Bg7 4.Nc3 O-O 5.e4 d6 6.Be2 e5 7.d5 a5 8.O-O Na6 9.Be3 Ng4
10.Bg5 f6 11.Bh4 h5 12.Ne1 Qe8 13.Nd3 g5 14.h3 gxh4 15.hxg4 hxg4 16.Bxg4 f5
17.exf5 Bxf5 18.Bxf5 Rxf5 19.Qg4 Qf7 20.a3 Rf8 21.b4 axb4 22.axb4 e4 23.Nxe4 Nxb4
24.Nxb4 Rf4 25.Qe2 Bxa1 26.Rxa1 Qg6 27.Re1 h3 28.g3 Rxf2 29.Qxf2 Rxf2 30.Kxf2 Kg7
31.Nd3 h2 32.Kg2 b5 33.Nf4 h1=Q+ 34.Kxh1 Qh7+ 35.Kg1 bxc4 36.Nxd6 Qc2 37.Re7+ Kf6
38.Re6+ Kg7 39.Ne4 c3 40.Re7+ Kh6 41.Re6+ Kg7 42.Re7+ Kh6 43.Nf2 Qb1+ 44.Kg2 c2
45.Ng4+ Kg5 46.Re5+ Kxg4 47.Nh3 c1=Q 48.Nf2+  1-0

[Event "Lvov Int"]
[Site "Lvov"]
[Date "1986.??.??"]
[Round "?"]
[White "Shneider, Aleksandr"]
[Black "Szekely, Peter"]
[Result "1/2-1/2"]
[WhiteElo "2480"]
[BlackElo "2415"]

1.d4 Nf6 2.Nf3 g6 3.c4 Bg7 4.Nc3 O-O 5.e4 d6 6.Be2 e5 7.O-O c6 8.Qc2 exd4
9.Nxd4 Qe7 10.Rd1 Re8 11.f3 Na6 12.Bg5 h6 13.Bh4 Bd7 14.Rd2 Rad8 15.Rad1 g5
16.Bf2 Nh5 17.Nb3 Be6 18.Bxa7 b5 19.Bb6 Rb8 20.Be3 Nb4 21.Qc1 Bxc4 22.Nd4 Bxd4
23.Rxd4 d5 24.R4d2 Rbd8 25.b3 Bxe2 26.Rxe2 Qf6  1/2-1/2

[Event "SWE-ch"]
[Site "Malmo"]
[Date "1986.??.??"]
[Round "?"]
[White "Renman, Nils Gustaf"]
[Black "Ernst, Thomas"]
[Result "1-0"]
[WhiteElo "2460"]
[BlackElo "2445"]

1.d4 Nf6 2.Nf3 g6 3.c4 Bg7 4.Nc3 O-O 5.e4 d6 6.Be3 e5 7.Be2 c6 8.d5 c5 9.Nd2 Ne8
10.Qc2 f5 11.exf5 gxf5 12.f4 exf4 13.Bxf4 Nd7 14.O-O Ne5 15.Nf3 a6 16.Kh1 Rb8
17.Rae1 Nc7 18.Bd3 Qe7 19.g4 fxg4 20.Bxh7+ Kh8 21.Bg5 Qe8 22.Nxe5 Rxf1+ 23.Rxf1 Qxe5
24.Qg6 Bd7 25.Qh5  1-0

[Event "Marseille"]
[Site "Marseille"]
[Date "1986.??.??"]
[Round "?"]
[White "Cebalo, Miso"]
[Black "Haik, Aldo"]
[Result "1-0"]
[WhiteElo "2475"]
[BlackElo "2455"]

1.d4 Nf6 2.Nf3 g6 3.c4 Bg7 4.Nc3 O-O 5.e4 d6 6.Be2 e5 7.O-O Nbd7 8.Qc2 c6
9.d5 a6 10.Rb1 Qc7 11.a3 cxd5 12.cxd5 Nc5 13.Nd2 Bd7 14.Qd1 Rac8 15.b4 Nd3
16.Bxd3 Qxc3 17.Nc4 Ba4 18.Qe2 Bb5 19.Bb2 Qb3 20.Ba1 Qxd3 21.Qxd3 Bxc4 22.Qe3 Bxf1
23.Rxf1 h5 24.g3 Rc2 25.Qb6 Nxe4 26.Qxb7 Bh6 27.Kg2 Be3 28.Qxa6 Nxf2 29.Kf3 Ng4
30.h3 Nh2+ 31.Kxe3 Nxf1+ 32.Qxf1 Ra8 33.Kd3 Ra2 34.Bc3 R8xa3 35.b5 Rb2 36.Qc1 e4+
37.Kxe4 Ra4+ 38.Bd4 Rb3 39.Qc8+  1-0

[Event "Minsk Int"]
[Site "Minsk"]
[Date "1986.??.??"]
[Round "?"]
[White "Gross, Stefan"]
[Black "Dydyshko, Viacheslav"]
[Result "1/2-1/2"]
[WhiteElo "2410"]
[BlackElo "2485"]

1.Nf3 Nf6 2.c4 g6 3.Nc3 Bg7 4.e4 d6 5.d4 O-O 6.Be2 e5 7.Be3 h6 8.h3 exd4
9.Nxd4 Re8 10.Qc2 Qe7 11.Nd5 Nxd5 12.exd5 c5 13.dxc6 Nxc6 14.Nxc6 bxc6 15.O-O Qh4
16.Bd3 d5 17.Rae1 Be6 18.cxd5 cxd5 19.Bc5 Qf4 20.Be3 Qh4 21.Bc5 Qf4 22.Be3 Qh4  1/2-1/2

[Event "Moscow-B"]
[Site "Moscow"]
[Date "1986.??.??"]
[Round "?"]
[White "Azmaiparashvili, Zurab"]
[Black "Kuzmin, Alexey"]
[Result "1-0"]
[WhiteElo "2465"]
[BlackElo "2355"]

1.d4 Nf6 2.c4 g6 3.Nc3 Bg7 4.e4 d6 5.Be2 O-O 6.Nf3 e5 7.d5 Nbd7 8.Bg5 h6
9.Bh4 g5 10.Bg3 Nh5 11.h4 g4 12.Nh2 f5 13.exf5 Nc5 14.Nxg4 Nxg3 15.fxg3 Bxf5
16.O-O e4 17.Ne3 Bg6 18.Rxf8+ Qxf8 19.Qd2 Qe7 20.Rf1 Rf8 21.Rxf8+ Kxf8 22.Ng4 h5
23.Qf4+ Ke8 24.Nf2 Nd3 25.Qe3 Nxf2 26.Kxf2 Be5 27.Ke1 Kd8 28.Bd1 Qg7 29.Ne2 Bxb2
30.Qxa7 Bf5 31.Qxb7 Bc3+ 32.Kf1 Qf6 33.Qa7 Bg4+ 34.Qf2 Bxe2+ 35.Bxe2 Qg7
36.Bxh5 Bb4 37.Bd1 Qa1 38.Qf8+ Kd7 39.Qf5+ Kd8 40.Qf8+ Kd7 41.Qf7+ Kd8 42.Qg8+ Ke7
43.Qg5+  1-0

[Event "Moscow"]
[Site "Moscow"]
[Date "1986.??.??"]
[Round "?"]
[White "Eingorn, Vereslav S"]
[Black "Romanishin, Oleg M"]
[Result "1/2-1/2"]
[WhiteElo "2560"]
[BlackElo "2560"]

1.Nf3 Nf6 2.c4 g6 3.Nc3 Bg7 4.e4 d6 5.d4 O-O 6.Be2 e5 7.O-O Nbd7 8.Qc2 Qe7
9.d5 Ne8 10.Bg5 f6 11.Bh4 h5 12.Bg3 Bh6 13.Nh4 Qh7 14.f3 Rf7 15.Bf2 Bg5 16.Kh1 Nf8
17.g3 Ng7 18.Rg1 f5 19.exf5 Nxf5 20.Ne4 Be7 21.Qd2 Kh8 22.Ng2 Qh6 23.f4 Nh7
24.Rgf1 Qg7 25.fxe5 dxe5 26.Bg1 b6 27.Bd3 Bb7  1/2-1/2

[Event "Munich"]
[Site "Munich"]
[Date "1986.??.??"]
[Round "?"]
[White "Conquest, Stuart"]
[Black "Pichler, Juergen"]
[Result "1-0"]
[WhiteElo "2430"]
[BlackElo "2325"]

1.d4 Nf6 2.c4 g6 3.Nc3 Bg7 4.e4 d6 5.Be2 O-O 6.Nf3 e5 7.O-O Nbd7 8.Qc2 exd4
9.Nxd4 Nc5 10.Rd1 Qe7 11.f3 c6 12.Bg5 Qe5 13.Qd2 Ne8 14.Nc2 f5 15.exf5 Bxf5
16.Ne3 Bd7 17.f4 Qe6 18.Ng4 Ne4 19.Nxe4 Qxe4 20.Nh6+ Kh8 21.Rac1 c5 22.Kh1 Bc6
23.Bd3 Qe6 24.Re1 Qh3 25.Be4 Bxe4 26.Rxe4 Qd7 27.Re7 Qc6 28.Rce1 Rb8 29.Qe2 Qc8
30.h4 Bd4 31.h5 Ng7 32.hxg6 hxg6 33.Qd3 Nf5 34.Qh3 Nxe7 35.Nf5+  1-0

[Event "DDR-ch playoff"]
[Site "Nordhausen"]
[Date "1986.??.??"]
[Round "?"]
[White "Uhlmann, Wolfgang"]
[Black "Knaak, Rainer"]
[Result "1-0"]
[WhiteElo "2505"]
[BlackElo "2510"]

1.c4 g6 2.e4 Bg7 3.d4 d6 4.Nc3 Nd7 5.Be2 e5 6.Nf3 Ngf6 7.O-O O-O 8.Be3 c6
9.Qc2 Ng4 10.Bg5 f6 11.Bd2 f5 12.exf5 gxf5 13.dxe5 dxe5 14.Ng5 Ndf6 15.Kh1 Qe8
16.f3 Nh6 17.Rae1 Nh5 18.Bd3 Qd8 19.c5 Kh8 20.Bc4 Qf6 21.Ne2 Qg6 22.f4 e4
23.Qb3 Bf6 24.Rd1 Ng7 25.Bc3 Bxg5 26.fxg5 Qxg5 27.Be5 Ng4 28.Qg3 Re8 29.Bd4 e3
30.Kg1 Qh6 31.Nf4 Nf6 32.Bxe3 Ne4 33.Qe1 Ng5 34.Rd6  1-0

[Event "DDR-ch (Women)"]
[Site "Nordhausen"]
[Date "1986.??.??"]
[Round "2"]
[White "Goehler, Antje"]
[Black "Kowalewski, Kirsten"]
[Result "1-0"]
[WhiteElo "2075"]
[BlackElo "1935"]

1.d4 Nf6 2.c4 g6 3.Nc3 Bg7 4.e4 d6 5.Be2 O-O 6.Nf3 e5 7.d5 Nh5 8.g3 f5 9.exf5 Bxf5
10.Nd2 Na6 11.g4 e4 12.gxf5 e3 13.Nf3 exf2+ 14.Kf1 Rxf5 15.Bd3 Rf8 16.Ng5 Nc5
17.Nce4 Nf4 18.Bxf4 Rxf4 19.Nxc5 Qxg5 20.Ne6 Qh4 21.Nxf4 Qxf4 22.Qe2 Rf8
23.Qe4 Qd2 24.Bc2 Bxb2 25.Rd1 Qc3 26.h4 Rf3 27.Bd3  1-0

[Event "DDR-ch (Women)"]
[Site "Nordhausen"]
[Date "1986.??.??"]
[Round "11"]
[White "Goehler, Antje"]
[Black "Broeder, Iris"]
[Result "0-1"]
[WhiteElo "2075"]
[BlackElo "2075"]

1.d4 Nf6 2.c4 g6 3.Nc3 Bg7 4.e4 d6 5.Nf3 O-O 6.Be2 e5 7.dxe5 dxe5 8.Qxd8 Rxd8
9.Bg5 Re8 10.Nd5 Nxd5 11.cxd5 f5 12.exf5 Bxf5 13.Nh4 Be4 14.Bc4 h6 15.d6+ Kh7
16.Be7 cxd6 17.Bxd6 Rc8 18.Bb3 Bf6 19.Nf3 Nc6 20.O-O Rd8 21.Rfd1 Bxf3 22.gxf3 Nd4
23.Bc7 Rd7 24.Ba5 Nxf3+ 25.Kg2 Nd4 26.Rac1 b6 27.Ba4 Rf7 28.Bc3 Bg5 29.Rb1 Raf8
30.Bxd4 exd4 31.Rf1 h5 32.Rbd1 Rf4 33.Rd3 Bh4 34.f3 R8f5 35.Rc1 Re5 36.Rc7+ Kh6
37.Rc2 Be7 38.Bb3 Bc5 39.Kf2 Rh4  0-1

[Event "DDR-ch (Women)"]
[Site "Nordhausen"]
[Date "1986.??.??"]
[Round "13"]
[White "Goehler, Antje"]
[Black "Starck, Ines"]
[Result "1/2-1/2"]
[WhiteElo "2075"]
[BlackElo "2040"]

1.d4 Nf6 2.c4 g6 3.Nc3 Bg7 4.e4 d6 5.Nf3 O-O 6.Be2 e5 7.d5 a5 8.O-O Nbd7
9.Qc2 Ne8 10.Bg5 f6 11.Be3 Nc5 12.Nd2 f5 13.exf5 Bxf5 14.Nde4 Nxe4 15.Nxe4 Qh4
16.f3 Nf6 17.Bd3 Nxe4 18.fxe4 Bg4 19.c5 Bh6 20.Bf2 Qh5 21.Rfe1 Rf7 22.h3 Bxh3
23.gxh3 Raf8 24.Bf1 Rxf2 25.Qxf2 Rxf2 26.Kxf2 Qh4+ 27.Kg1 Qg3+ 28.Bg2 Be3+
29.Kh1 g5 30.cxd6 cxd6 31.Re2 g4 32.Rd1 gxh3 33.Rd3 Kh8 34.Rdxe3 hxg2+ 35.Kg1 Qf4
36.Kxg2 Qg4+ 37.Kf1 Qf4+ 38.Kg2 Qg4+ 39.Kf1 Qf4+ 40.Kg2 Qg4+  1/2-1/2

[Event "Oakham YM"]
[Site "Oakham"]
[Date "1986.??.??"]
[Round "3"]
[White "Arlandi, Ennio"]
[Black "Pulkkinen, Kari"]
[Result "1/2-1/2"]
[WhiteElo "2360"]
[BlackElo "2245"]

1.d4 Nf6 2.c4 g6 3.Nc3 Bg7 4.e4 d6 5.Nf3 O-O 6.Be2 e5 7.Be3 Nc6 8.d5 Ne7
9.Nd2 Ne8 10.c5 c6 11.Bc4 f5 12.dxc6+ Kh8 13.cxb7 Bxb7 14.cxd6 Nxd6 15.Bd3 fxe4
16.Ndxe4 Nef5 17.Bc5 Qh4 18.g3 Qh3 19.Bf1 Qh6 20.Bg2 Rfd8 21.Qc1 Rac8 22.b4 Qh5
23.O-O Nxe4 24.Nxe4 Nd4 25.Qa3 a5  1/2-1/2

[Event "Oakham YM"]
[Site "Oakham"]
[Date "1986.??.??"]
[Round "7"]
[White "Arlandi, Ennio"]
[Black "Carr, Neil L"]
[Result "1-0"]
[WhiteElo "2360"]
[BlackElo "2295"]

1.d4 g6 2.c4 Bg7 3.Nc3 d6 4.e4 Nf6 5.Nf3 O-O 6.Be2 e5 7.d5 a5 8.Bg5 h6 9.Bh4 Qe8
10.Nd2 Na6 11.a3 Bd7 12.b3 Nh7 13.Rb1 f5 14.f3 f4 15.b4 b6 16.Bf2 axb4 17.axb4 g5
18.Rb2 Qg6 19.h3 h5 20.Qb1 Rac8 21.c5 Nb8 22.c6 Be8 23.b5 Nf6 24.Kd1 Bf7
25.Bc4 g4 26.hxg4 hxg4 27.Kc2 Bh6 28.Ra2 g3 29.Be1 Bg5 30.Ra7 Kg7 31.Qa2 Rh8
32.Rxh8 Kxh8 33.Rb7 Qg8 34.Bf1 Bg6 35.Kb2 Qd8 36.Nc4 Qg8 37.Na3 Qh7 38.Qc4 Qh1
39.Nc2 Ng4 40.fxg4 f3 41.gxf3 Qxf3 42.Qe2 Qxe2 43.Bxe2 g2 44.Bf2 Rf8 45.Bg1 Rf1
46.Ne3 Rxg1 47.Nxg2 Rxg2 48.Rxc7 Nxc6 49.bxc6 Bxe4 50.Rd7 Bxd5 51.Nxd5 Rxe2+
52.Kb3  1-0

[Event "Oakham YM"]
[Site "Oakham"]
[Date "1986.??.??"]
[Round "9"]
[White "Horvath, Csaba"]
[Black "Howell, James C"]
[Result "1/2-1/2"]
[WhiteElo "2345"]
[BlackElo "2395"]

1.d4 Nf6 2.c4 g6 3.Nc3 Bg7 4.e4 d6 5.Be2 O-O 6.Nf3 e5 7.dxe5 dxe5 8.Qxd8 Rxd8
9.Bg5 Re8 10.Nd5 Nxd5 11.cxd5 c6 12.Bc4 cxd5 13.Bxd5 Na6 14.Ke2 Nb4 15.Bc4 Bg4
16.Rhc1 Nc6  1/2-1/2

[Event "Philadelphia"]
[Site "Philadelphia"]
[Date "1986.??.??"]
[Round "?"]
[White "Klein, Lawrence"]
[Black "Schroer, Jonathan"]
[Result "0-1"]
[WhiteElo "2365"]
[BlackElo "2370"]

1.d4 Nf6 2.Nf3 g6 3.c4 Bg7 4.Nc3 O-O 5.e4 d6 6.Be2 e5 7.dxe5 dxe5 8.Qxd8 Rxd8
9.Bg5 Nbd7 10.O-O-O Rf8 11.Ne1 c6 12.Nc2 Nc5 13.f3 Ne6 14.Be3 Nd7 15.b4 f5
16.c5 f4 17.Bf2 Re8 18.Kb2 g5 19.Nb1 g4 20.Nd2 a5 21.a3 Nd4 22.Bc4+ Kf8 23.fxg4 b6
24.Rhf1 bxc5 25.Bxd4 cxd4 26.Nxd4 Nf6 27.g5 Ng4 28.Nc2 Nxh2 29.Rh1 Ng4 30.Rxh7 axb4
31.axb4 Be6 32.Bxe6 Rxe6 33.Nf3 Kg8 34.Rh5 Nf2 35.Rd7 Nxe4 36.Kb3 Rb8 37.Nh4 Nc5+  0-1

[Event "Plovdiv"]
[Site "Plovdiv"]
[Date "1986.??.??"]
[Round "?"]
[White "Georgiev, Kiril"]
[Black "Rasmussen, Karsten"]
[Result "1-0"]
[WhiteElo "2545"]
[BlackElo "2500"]

1.Nf3 Nf6 2.c4 g6 3.Nc3 Bg7 4.e4 d6 5.d4 O-O 6.Be2 Nbd7 7.O-O e5 8.Be3 c6
9.d5 c5 10.Ne1 Ne8 11.Nd3 f5 12.f4 g5 13.fxe5 Nxe5 14.Nxe5 Bxe5 15.exf5 Bxf5
16.g4 Bg6 17.Rxf8+ Kxf8 18.Qd2 h6 19.h4 gxh4 20.Bxh6+ Kg8 21.Rf1 Qe7 22.Bd3 Bxd3
23.Qxd3 Ng7 24.Ne4 Bd4+ 25.Kh1 Rf8 26.Rxf8+ Kxf8 27.Qf3+ Kg8 28.Bg5 Qe8 29.b3 Be5
30.Bxh4 b5 31.Bf6 Qf7 32.Kg2 bxc4 33.Bxe5  1-0

[Event "POL-ch"]
[Site "?"]
[Date "1986.??.??"]
[Round "1"]
[White "Nowak, Ignacy"]
[Black "Czerwonski, Aleksander"]
[Result "1-0"]
[WhiteElo "2420"]
[BlackElo "2320"]

1.d4 Nf6 2.c4 g6 3.Nc3 Bg7 4.e4 d6 5.Be2 O-O 6.Nf3 Nbd7 7.O-O e5 8.Be3 Ng4
9.Bg5 f6 10.Bh4 c6 11.Qd2 Qe7 12.Rad1 Nh6 13.c5 dxc5 14.dxe5 Nxe5 15.Nxe5 Qxe5
16.Bc4+ Kh8 17.Bg3 Qd4 18.Qxd4 cxd4 19.Rxd4 b5 20.Bb3 c5 21.Rd2 c4 22.Bd1 a6
23.a4 b4 24.Nd5 f5 25.Bd6 Rd8 26.Bxb4 fxe4 27.Be2 Rb8 28.Ba5 Rd7 29.Bxc4 Rxb2
30.Rxb2 Bxb2 31.Rb1 Be5 32.Nb6 Rc7 33.Bf1 e3 34.fxe3 Bf5 35.Re1 Ng4 36.h3 Nxe3
37.Nd5 Nxd5 38.Rxe5 Rd7 39.Bxa6 Ra7 40.Bb5 Rxa5 41.Rxd5 Kg7 42.Kf2 Ra7 43.Ke3 Re7+
44.Kd4 Be4 45.Re5 Rxe5 46.Kxe5 Bxg2 47.a5 g5 48.a6 h5 49.a7 h4 50.Bd7  1-0

[Event "POL-ch"]
[Site "?"]
[Date "1986.??.??"]
[Round "3"]
[White "Dejkalo, Stefan"]
[Black "Hawelko, Marek"]
[Result "1/2-1/2"]
[WhiteElo "2435"]
[BlackElo "2440"]

1.d4 Nf6 2.c4 d6 3.Nc3 Nbd7 4.e4 e5 5.Nf3 g6 6.Be2 Bg7 7.O-O O-O 8.Qc2 c6
9.Rd1 Qe7 10.dxe5 dxe5 11.h3 Nh5 12.Bg5 f6 13.Be3 f5 14.exf5 gxf5 15.Bg5 Qf7
16.Qd2 Nc5 17.Qe3 Ne6 18.Bh4 e4 19.Ng5 Nxg5 20.Qxg5 Nf6 21.Rd6 Be6 22.Rad1 Rae8
23.Bg3 Kh8 24.Be5 Rg8 25.Qh4 Qg6 26.Kh1 e3 27.Bf3 exf2 28.Qxf2 Bxc4 29.Qd4 Be6
30.Ne2 Ne4 31.Nf4 Qf7 32.Bxg7+ Rxg7 33.Bxe4 fxe4 34.Nxe6 Rxe6 35.Rd8+ Re8
36.Re1 Rf8 37.Rxf8+ Qxf8 38.Rxe4 Qf1+ 39.Qg1 Qxg1+ 40.Kxg1 Rd7  1/2-1/2

[Event "POL-ch"]
[Site "?"]
[Date "1986.??.??"]
[Round "13"]
[White "Dejkalo, Stefan"]
[Black "Flis, Jacek"]
[Result "1-0"]
[WhiteElo "2435"]
[BlackElo "2305"]

1.d4 Nf6 2.c4 d6 3.Nc3 Nbd7 4.Nf3 g6 5.e4 e5 6.Be2 Bg7 7.O-O O-O 8.Qc2 c6
9.Rd1 Qc7 10.h3 Ne8 11.dxe5 Nxe5 12.Nd4 Qe7 13.Be3 Kh8 14.Qd2 Rg8 15.Rac1 f5
16.f4 Nf7 17.Bd3 fxe4 18.Bxe4 Nf6 19.Bf3 Bd7 20.Re1 Rge8 21.b3 Qd8 22.Rcd1 Qc7
23.Nde2 c5 24.Nd5 Nxd5 25.Bxd5 Bc6 26.Ng3 Rad8 27.Kh2 Nh6 28.Bf2 Rxe1 29.Rxe1 Rf8
30.Re4 Qd8 31.Ne2 Nf5 32.Bxc6 bxc6 33.Ng1 Qf6 34.Nf3 h6 35.g4 Nd4 36.Nxd4 cxd4
37.Bxd4 Qf7 38.Qc3 Bxd4 39.Qxd4+ Kg8 40.Qxd6 Qg7 41.Qe6+ Kh8 42.Qe5 Rf6 43.h4 g5
44.hxg5 hxg5 45.f5  1-0

[Event "POL-chT"]
[Site "Porabka"]
[Date "1986.??.??"]
[Round "?"]
[White "Matlak, Marek"]
[Black "Schmidt, Wlodzimierz"]
[Result "1/2-1/2"]
[WhiteElo "2375"]
[BlackElo "2450"]

1.Nf3 Nf6 2.c4 g6 3.Nc3 Bg7 4.e4 d6 5.d4 O-O 6.Be2 e5 7.dxe5 dxe5 8.Qxd8 Rxd8
9.Bg5 Re8 10.Nd5 Nxd5 11.cxd5 c6 12.Bc4 b5 13.Bb3 Bb7 14.Rc1 Rc8 15.Be3 a5
16.a3 a4 17.Ba2 Na6 18.dxc6 Rxc6 19.Ke2 b4  1/2-1/2

[Event "POL-chT"]
[Site "Porabka"]
[Date "1986.??.??"]
[Round "?"]
[White "Schmidt, Wlodzimierz"]
[Black "Sznapik, Aleksander"]
[Result "1-0"]
[WhiteElo "2450"]
[BlackElo "2425"]

1.d4 Nf6 2.Nf3 g6 3.c4 Bg7 4.Nc3 O-O 5.e4 d6 6.Be2 e5 7.dxe5 dxe5 8.Qxd8 Rxd8
9.Bg5 Re8 10.Nd5 Nxd5 11.cxd5 c6 12.Bc4 cxd5 13.Bxd5 Na6 14.Ke2 Nc7 15.Bb3 Bd7
16.Rac1 Bc6 17.Be3 Ne6 18.Ng5 Nxg5 19.Bxg5 Bxe4 20.Rc7 Rf8 21.f3 Bc6 22.Be3 e4
23.f4 Bxb2 24.Bc5 Bc3 25.Bxf8 Rxf8 26.Rc1 Ba5 27.R1xc6 bxc6 28.Rxa7 Bb6 29.Re7 e3
30.g4 h6 31.g5 hxg5 32.fxg5 Bc5 33.Rc7 Rd8 34.Rxc6 Rd2+ 35.Ke1 Bd6 36.Rc8+ Kg7
37.Re8 Bc5 38.Re5 Bd6 39.Rxe3 Rxh2 40.Rf3  1-0

[Event "POL-chT"]
[Site "Porabka"]
[Date "1986.??.??"]
[Round "?"]
[White "Matlak, Marek"]
[Black "Novak, Ivan"]
[Result "1-0"]
[WhiteElo "2375"]
[BlackElo "2290"]

1.Nf3 Nf6 2.c4 g6 3.Nc3 Bg7 4.e4 d6 5.d4 O-O 6.Be2 e5 7.dxe5 dxe5 8.Qxd8 Rxd8
9.Bg5 Re8 10.Nd5 Nxd5 11.cxd5 c6 12.Bc4 b5 13.Bb3 a5 14.dxc6 Nxc6 15.Bd5 Ra6
16.a3 h6 17.Bd2 Ne7 18.Ba2 Bb7 19.Bb1 f5 20.Be3 Bxe4 21.Bxe4 fxe4 22.Nd2 Nf5
23.Rc1 Nd6 24.Ke2 Re7 25.Bc5 e3 26.Ne4 Nxe4 27.Bxe7 Nxf2 28.Rhf1 e4 29.Rc8+ Kh7
30.Kxe3 Ng4+ 31.Ke2 Ra7 32.Bc5 Rd7 33.h3 Ne5 34.Bf8 Nc4 35.Bxg7 Kxg7 36.Rd1 Rxd1
37.Kxd1 Nxb2+ 38.Ke2 b4 39.axb4 axb4 40.Rb8 Nd3 41.Ke3 Ne1 42.g3 Nd3 43.Kxe4 Nf2+
44.Ke5 h5 45.h4 Ng4+ 46.Ke6 Ne3 47.Rb7+ Kh6 48.Kf7 Kh7 49.Kf8+ Kh8 50.Rg7 Nf1
51.Rxg6 Kh7 52.Kf7 b3 53.Rg5 Kh6 54.Rg8 Kh7 55.Rb8 Nxg3 56.Kf6 Ne4+ 57.Kf5 Nd2
58.Kg5 Kg7 59.Rb7+ Kf8 60.Kxh5 Ke8  1-0

[Event "POL-chT"]
[Site "Porabka"]
[Date "1986.??.??"]
[Round "?"]
[White "Hass, Roman"]
[Black "Kujawski, Ryszard"]
[Result "1-0"]
[WhiteElo "2305"]
[BlackElo "2225"]

1.d4 Nf6 2.c4 g6 3.Nc3 Bg7 4.e4 d6 5.Be2 O-O 6.Nf3 e5 7.Be3 Nbd7 8.d5 Ng4
9.Bg5 f6 10.Bh4 a5 11.Nd2 Nh6 12.g4 Nc5 13.Rg1 Nf7 14.f3 Bd7 15.Nf1 Bh6 16.Bf2 Kh8
17.Ne3 Qe8 18.h4 b6 19.Rh1 Bf4 20.Ng2 a4 21.Nxf4 exf4 22.Qd2 g5 23.hxg5 fxg5
24.Rh5 Rg8 25.O-O-O Ne5 26.Rdh1 Rg7 27.Bd4 Qe7 28.Rh6 Kg8 29.Nb1 Be8 30.Na3 Bg6
31.Nc2 Rf7 32.Qc3 Ncd7 33.Nb4 Nf8 34.Bd1 Qe8 35.Be2 c5 36.dxc6 Nxc6 37.Nd5 Nxd4
38.Qxd4 Qd8 39.Nxb6 Ra5 40.Nd5 Rc5 41.Kb1 Rb7 42.Bd3 a3 43.b3 Qa5 44.Bc2 Kf7
45.Ka1 Ke8 46.Rb1 Qa6 47.Bd3 Ne6 48.Qf6 Nd8 49.Qxg5 Nf7 50.Qxf4 Rxd5 51.exd5 Bxd3
52.Re1+ Kf8 53.Rhe6 Qa8  1-0

[Event "POL-chT"]
[Site "Porabka"]
[Date "1986.??.??"]
[Round "?"]
[White "Luczak, Andrzej"]
[Black "Bielczyk, Jacek"]
[Result "0-1"]
[WhiteElo "2370"]
[BlackElo "2390"]

1.Nf3 Nf6 2.c4 d6 3.Nc3 g6 4.e4 e5 5.d4 Nbd7 6.Be2 Bg7 7.O-O O-O 8.Be3 c6
9.dxe5 dxe5 10.Nd2 Qe7 11.Qc2 Nc5 12.Nb3 Ne6 13.Rfd1 h5 14.f3 h4 15.c5 Nh5
16.Bc4 Nef4 17.Ne2 Kh7 18.Nxf4 Nxf4 19.Rd6 f5 20.Bxf4 exf4 21.Re1 h3 22.e5 Bxe5
23.Rdd1 Qf6 24.Qf2 Re8 25.Rd6 Be6 26.Bxe6 Rxe6 27.Rxe6 Qxe6 28.gxh3 Re8 29.Kg2 Qf6
30.Qd2 Kh6 31.Na5 Qg5+ 32.Kh1 Qh4 33.Re2 Qxh3 34.Rg2 Qxf3 35.Qd7 Bd4  0-1

[Event "POL-chT"]
[Site "Porabka"]
[Date "1986.??.??"]
[Round "?"]
[White "Szmacinska, Grazyna"]
[Black "Kowalska, Elzbieta"]
[Result "1-0"]
[WhiteElo "2075"]
[BlackElo "1925"]

1.d4 Nf6 2.Nf3 g6 3.c4 Bg7 4.Nc3 d6 5.e4 O-O 6.Be2 e5 7.O-O exd4 8.Nxd4 Nbd7
9.Bg5 h6 10.Be3 Nc5 11.f3 Kh7 12.Qd2 Ne6 13.Nb3 b6 14.Rfd1 Bb7 15.Rac1 Ng8
16.Nd4 a5 17.b3 Qe8 18.Nxe6 Qxe6 19.Nd5 Rac8 20.a4 Nf6 21.Nxc7 Rxc7 22.Bxb6 Rc6
23.Bxa5 Nd7 24.Bc3 Nc5 25.Bxg7 Kxg7 26.a5 Qe5 27.Rb1 Ne6 28.b4 Nf4 29.Bf1 Rd8
30.b5 Rc5 31.Qb2 f5 32.exf5 gxf5 33.a6 Bc8 34.Qxe5+ Rxe5 35.Ra1 Kf7 36.b6 Bd7
37.Rxd6 Re6 38.Rxd7+ Rxd7 39.a7 Rd8 40.b7  1-0

[Event "POL-chT"]
[Site "Porabka"]
[Date "1986.??.??"]
[Round "?"]
[White "Szymczak, Zbigniew"]
[Black "Stypka, Mieczyslaw"]
[Result "1-0"]
[WhiteElo "2415"]
[BlackElo "2275"]

1.d4 Nf6 2.c4 g6 3.Nc3 Bg7 4.e4 d6 5.Nf3 O-O 6.Be2 e5 7.d5 a5 8.Bg5 h6 9.Bh4 Na6
10.Nd2 Qe8 11.a3 Bd7 12.b3 Nh7 13.Rb1 h5 14.f3 Nc5 15.Qc2 Bh6 16.O-O Be3+
17.Kh1 Kh8 18.b4 axb4 19.axb4 Na4 20.Nb5 Bxb5 21.cxb5 Qd7 22.Nb3 Nb6 23.Qc3 Bh6
24.Na5 Rab8 25.f4 Bg7 26.f5 Bf6 27.Bxf6+ Nxf6 28.Qe3 Kg7 29.Rf3 Nc8 30.Rbf1 Ne7
31.Qg5 Neg8 32.Qh4 Qe7 33.h3 Kh6 34.Qf2 g5 35.Qe3 Nh7 36.h4 Qf6 37.Rh3 Kg7
38.hxg5 Nxg5 39.Rxh5 Nh7 40.Rf3 Kh8 41.Rfh3 Qg7 42.Rxh7+ Qxh7 43.Rxh7+ Kxh7
44.g4 f6 45.b6 Rf7 46.g5 fxg5 47.Bh5 Rd7 48.Bg6+ Kg7 49.Qxg5 Kf8 50.f6 cxb6
51.f7 bxa5 52.fxg8=Q+ Kxg8 53.Bf5+ Rg7 54.Qh6  1-0

[Event "Quebec"]
[Site "Quebec"]
[Date "1986.??.??"]
[Round "1"]
[White "Leveille, Francois"]
[Black "Levtchouk, George"]
[Result "1/2-1/2"]
[WhiteElo "2245"]
[BlackElo "2280"]

1.d4 Nf6 2.c4 g6 3.Nc3 Bg7 4.e4 d6 5.Be2 O-O 6.Nf3 e5 7.dxe5 dxe5 8.Qxd8 Rxd8
9.Bg5 Nbd7 10.O-O-O Rf8 11.Nd5 c6 12.Ne7+ Kh8 13.Rd6 Re8 14.Nxc8 Raxc8 15.Rhd1 Rc7
16.Ne1 b6 17.f3 a5 18.Nc2 Ra8 19.c5 b5 20.Bxb5 cxb5 21.c6 Nf8 22.Bxf6 Bxf6
23.Rxf6 Ne6 24.f4 exf4 25.Rd7 Rxd7 26.cxd7 Kg8 27.Na3 Rd8 28.Nxb5 Rxd7 29.e5 Kg7
30.Nc3 Rc7 31.g3 fxg3 32.hxg3 Rc5 33.Rf3 Nd4 34.Rd3 Nc6 35.e6 fxe6 36.Rd7+ Kh6
37.Rc7 Nb4 38.Re7 Nxa2+ 39.Kd2 Nxc3 40.bxc3 e5 41.Kd3 Kg5 42.Rxh7 Kg4 43.c4 Kxg3
44.Rg7 Rc6 45.c5 Rxc5 46.Rxg6+ Kf4 47.Rf6+ Kg5 48.Rf8 Kg6 49.Ke4 Kg7 50.Ra8 Kf6
51.Ra6+ Ke7 52.Rb6 Kd7 53.Ra6 Rb5 54.Rh6 Rc5 55.Ra6 Rb5 56.Rh6 Kc7 57.Re6 a4
58.Ra6 Rb4+ 59.Kxe5 Kb7 60.Ra5 Kb6 61.Ra8 Kc5 62.Rc8+ Kb5 63.Kd5  1/2-1/2